[Event "Tournoi Skype 020A"]
[Site "Skype"]
[Date "????.??.??"]
[Round "6.10"]
[White "Cossalter, Maurizio"]
[Black "Engstrom, Olle"]
[Result "1/2-1/2"]
[WhiteElo "1524"]
[BlackElo "1791"]
[PlyCount "89"]

1. e4 c5 2. g3 e6 3. Bg2 Nc6 4. Ne2 Nf6 5. Nbc3 d6 6. d4 cxd4 7. Nxd4 Be7 8.
Nxc6 bxc6 9. e5 Nd5 10. Nxd5 exd5 11. exd6 Bxd6 12. c4 Bb4+ 13. Bd2 Qe7+ 14.
Qe2 Bxd2+ 15. Kxd2 Qxe2+ 16. Kxe2 Be6 17. Rhe1 Kd7 18. cxd5 Bxd5 19. Bxd5 cxd5
20. Rad1 Rhe8+ 21. Kf1 Kd6 22. Rd2 Rxe1+ 23. Kxe1 Re8+ 24. Kf1 Re6 25. b3 f6
26. b4 Re7 27. f4 Re4 28. a3 f5 29. Kf2 d4 30. Kf3 Re3+ 31. Kf2 Kd5 32. a4 Rb3
33. Re2 Kc4 34. Rc2+ Kd3 35. Rc7 Rxb4 36. Rxa7 Rb2+ 37. Kg1 Ke3 38. Re7+ Kf3
39. Kf1 Ra2 40. Ke1 Rxa4 41. Rxg7 Ra1+ 42. Kd2 Ra2+ 43. Kd3 Rxh2 44. Kxd4 Re2
45. Rg5 1/2-1/2

[Event "Tournoi Skype 020A"]
[Site "Skype"]
[Date "????.??.??"]
[Round "6.11"]
[White "Legueltel, Daniel"]
[Black "Trivedi, Viral"]
[Result "1-0"]
[WhiteElo "1775"]
[BlackElo "1619"]
[PlyCount "79"]

1. d4 Nf6 2. c4 g6 3. Nc3 d5 4. cxd5 Nxd5 5. e4 Nxc3 6. bxc3 Bg7 7. Bb5+ Bd7 8.
Qe2 O-O 9. Bxd7 Nxd7 10. Nf3 c5 11. O-O Rc8 12. Be3 Qa5 13. Rac1 cxd4 14. cxd4
Nf6 15. Bg5 Qa3 16. Rc2 h6 17. Bf4 Qa4 18. Rfc1 Rxc2 19. Qxc2 Qxc2 20. Rxc2
Nxe4 21. Rc7 Nf6 22. Rxb7 Ra8 23. Kf1 a5 24. a4 Nd5 25. Bd2 e6 26. Rb5 Nc7 27.
Rxa5 Rb8 28. Rc5 Rb1+ 29. Ke2 Nd5 30. a5 Ra1 31. Kd3 Ra3+ 32. Kc4 Bf8 33. Rc6
Be7 34. Kb5 Kg7 35. Rc4 Rb3+ 36. Kc6 Rb8 37. Ra4 Bd8 38. a6 Nb6 39. a7 Rc8+ 40.
Kb7 1-0

[Event "Tournoi Skype 020A"]
[Site "Skype"]
[Date "????.??.??"]
[Round "6.12"]
[White "Alvarez, Juan Evangelista"]
[Black "Montenegro, Juan Carlos"]
[Result "0-1"]
[WhiteElo "1434"]
[BlackElo "1737"]
[PlyCount "64"]

1. Nf3 Nf6 2. Nc3 d5 3. d4 Qd7 4. Ne5 Qe6 5. Qd3 c6 6. e4 dxe4 7. Nxe4 Nbd7 8.
Ng5 Nxe5 9. dxe5 Qxe5+ 10. Be2 Bg4 11. f3 Bh5 12. O-O e6 13. Re1 Rd8 14. Qe3
Bc5 15. Bd3 Qxg5 16. Kh1 Bxe3 17. Bxe3 Qa5 18. Re2 Qe5 19. Rb1 Bg6 20. Bxa7 Qa5
21. Bf2 Bxd3 22. cxd3 Qxa2 23. Rd1 Nd5 24. Rdd2 Nf4 25. b4 Qb1+ 26. Re1 Qxb4
27. Be3 Nxd3 28. Red1 Nf2+ 29. Bxf2 Rxd2 30. Rxd2 Qxd2 31. Bg1 h5 32. h4 Rh6
0-1

[Event "Tournoi Skype 020A"]
[Site "Skype"]
[Date "????.??.??"]
[Round "6.13"]
[White "Salazar Ticeran, Antonio"]
[Black "Thoune, Jim"]
[Result "0-1"]
[WhiteElo "1522"]
[BlackElo "1681"]
[PlyCount "82"]

1. e4 e6 2. d4 d5 3. e5 c5 4. c3 Nc6 5. Bb5 Bd7 6. Bxc6 Bxc6 7. Nf3 Bb5 8. a4
Ba6 9. Bd2 Qb6 10. Qc2 Rc8 11. Be3 h6 12. dxc5 Bxc5 13. Bxc5 Qxc5 14. Nd4 Qxd4
15. b4 Bd3 16. Qd2 Qxe5+ 17. Kd1 Bc4 18. Re1 Qh5+ 19. f3 Nf6 20. g4 Bb3+ 21.
Kc1 Qg5 22. Kb2 Qxd2+ 23. Nxd2 Bc4 24. Nxc4 Rxc4 25. Rad1 O-O 26. h4 Rfc8 27.
g5 hxg5 28. hxg5 Ne8 29. Rd3 a5 30. Rh1 axb4 31. cxb4 Rxb4+ 32. Ka3 Rcc4 33. f4
Rxa4+ 34. Kb3 Rcb4+ 35. Kc3 Rxf4 36. Rdh3 Ra3+ 37. Kb2 Rxh3 38. Rxh3 Nd6 39.
Kc2 Nc4 40. Rb3 Rf2+ 41. Kc1 b6 0-1

[Event "Tournoi Skype 020A"]
[Site "Skype"]
[Date "????.??.??"]
[Round "6.14"]
[White "Murgia, Stefano"]
[Black "Khetre, Gaurav"]
[Result "0-1"]
[WhiteElo "1681"]
[BlackElo "1519"]
[PlyCount "76"]

1. e4 e6 2. d4 d5 3. exd5 exd5 4. Be3 Bd6 5. Bd3 Nf6 6. Nc3 c6 7. h3 Be6 8. Qf3
Nbd7 9. Nge2 Qc7 10. O-O-O O-O-O 11. Nf4 Rhe8 12. Nxe6 fxe6 13. Rhe1 e5 14.
dxe5 Nxe5 15. Bf5+ Kb8 16. Qe2 g6 17. Bg5 Qf7 18. Bd3 Rd7 19. Kb1 Rde7 20. Qd2
Nxd3 21. Rxe7 Rxe7 22. Qxd3 Re6 23. a3 Nd7 24. b4 Qxf2 25. Kb2 Ne5 26. Qf1 Nc4+
27. Kb3 Qxf1 28. Rxf1 Ne3 29. Rf2 Nf5 30. Ne2 Bc7 31. g4 Nd6 32. Nd4 Re8 33.
Bf4 Nc8 34. Bg5 Nd6 35. Bf4 Nc8 36. Bg5 Bb6 37. Rf7 Bxd4 38. Rxh7 Nd6 0-1

[Event "Tournoi Skype 020A"]
[Site "Skype"]
[Date "????.??.??"]
[Round "6.16"]
[White "Duthoit, Bernard"]
[Black "Sepulveda, Lyda Marcela"]
[Result "0-1"]
[WhiteElo "1539"]
[BlackElo "1591"]
[PlyCount "64"]

1. e4 e5 2. d4 exd4 3. c3 dxc3 4. Bc4 d6 5. Nf3 Be6 6. Bxe6 fxe6 7. Nxc3 Nc6 8.
O-O Qd7 9. b3 Be7 10. Bb2 O-O-O 11. Nd4 Bf6 12. Nxc6 Qxc6 13. Qf3 Ne7 14. Rac1
Qb6 15. Na4 Qb5 16. Bxf6 gxf6 17. Qxf6 Qd7 18. Qd4 Kb8 19. Rfd1 e5 20. Nc5 exd4
21. Nxd7+ Rxd7 22. Rxd4 Ng6 23. f3 Rg8 24. Rc2 h5 25. g3 Ne5 26. Rc3 Rf7 27. f4
Nc6 28. Rd5 h4 29. Kg2 Nb4 30. Rf5 Rxf5 31. exf5 Nd5 32. Rd3 Nxf4+ 0-1

[Event "Tournoi Skype 020A"]
[Site "Skype"]
[Date "????.??.??"]
[Round "6.17"]
[White "Alvarez, Rafael Andres"]
[Black "Mulrooney, Justin"]
[Result "1-0"]
[WhiteElo "1611"]
[BlackElo "1714"]
[PlyCount "31"]

1. d4 Nf6 2. Nf3 d5 3. Bf4 g6 4. e3 Bg7 5. h4 Bg4 6. Nbd2 Ne4 7. c3 Nd7 8. Qb3
Nb6 9. Nxe4 Bxf3 10. gxf3 dxe4 11. fxe4 Qd7 12. O-O-O O-O-O 13. Bh3 e6 14. d5
Qa4 15. dxe6 Qxe4 16. e7+ 1-0

[Event "Tournoi Skype 020A"]
[Site "Skype"]
[Date "????.??.??"]
[Round "6.18"]
[White "Martinez, Jose Abel"]
[Black "Sauvaget, Joel"]
[Result "1-0"]
[WhiteElo "1700"]
[BlackElo "1580"]
[PlyCount "121"]

1. d4 d5 2. Nf3 Nf6 3. Bf4 e6 4. e3 Be7 5. Bd3 Nc6 6. c3 h6 7. Nbd2 O-O 8. Qc2
a6 9. O-O Re8 10. h3 Bd6 11. Ne5 Nxe5 12. dxe5 Nh5 13. exd6 Nxf4 14. exf4 Qxd6
15. g3 e5 16. Bf5 exf4 17. Kg2 fxg3 18. fxg3 Qc5 19. Nb3 Qb5 20. Rae1 Bxf5 21.
Qxf5 f6 22. Kh1 c6 23. Qg6 Rxe1 24. Rxe1 c5 25. Qf5 Qc6 26. Re6 Qc8 27. Qxd5
Kh8 28. Nxc5 Qg8 29. Rd6 Qe8 30. Ne6 Qg6 31. Kg2 Qc2+ 32. Qd2 Qe4+ 33. Kf2 Re8
34. Nf4 Qh1 35. Rd8 Rxd8 36. Qxd8+ Kh7 37. Qd3+ Kg8 38. Qd8+ Kh7 39. Qd3+ Kg8
40. Qd5+ Qxd5 41. Nxd5 Kf7 42. c4 Ke6 43. Ke3 Ke5 44. g4 g6 45. b4 f5 46. a4
fxg4 47. hxg4 h5 48. gxh5 gxh5 49. Nf4 h4 50. b5 axb5 51. axb5 Kd6 52. Kd4 b6
53. Nh3 Ke6 54. c5 bxc5+ 55. Kxc5 Kd7 56. Kb6 Kc8 57. Ng5 Kb8 58. Kc6 Kc8 59.
b6 Kb8 60. b7 Ka7 61. Kc7 1-0

[Event "Tournoi Skype 020A"]
[Site "Skype"]
[Date "????.??.??"]
[Round "6.19"]
[White "Murolo, Antonio"]
[Black "Sahrane, Juba"]
[Result "1/2-1/2"]
[WhiteElo "1602"]
[BlackElo "1675"]
[PlyCount "123"]

1. d4 Nf6 2. Nf3 e6 3. Bf4 d5 4. e3 c5 5. c3 Nc6 6. Be2 cxd4 7. exd4 Be7 8. h3
O-O 9. O-O Bd7 10. Nbd2 a6 11. Re1 b5 12. Bd3 b4 13. Qe2 bxc3 14. bxc3 Qc8 15.
Rec1 Na7 16. Bxa6 Qc6 17. Bd3 Nb5 18. Bxb5 Qxb5 19. Qxb5 Bxb5 20. c4 dxc4 21.
Nxc4 Rfc8 22. Nd6 Rxc1+ 23. Rxc1 Bxd6 24. Bxd6 Rxa2 25. Rc8+ Ne8 26. Rb8 Ra6
27. Bc5 Ba4 28. Ne5 h6 29. Nd3 Bd7 30. Rd8 Bb5 31. Nb4 Ra1+ 32. Kh2 Kh7 33. Rb8
Bd7 34. Rb7 Nf6 35. Be7 Be8 36. Rb8 Rb1 37. Rd8 Bb5 38. Rb8 Bc4 39. Na6 Rxb8
40. Nxb8 Nd5 41. Bc5 Bb5 42. Kg3 Kg6 43. f4 Kf5 44. Bd6 Ke4 45. Bc5 Nxf4 46.
Bf8 f6 47. Kf2 g6 48. Bxh6 Nd3+ 49. Kg3 Kxd4 50. Bg7 Ke5 51. h4 Nf4 52. Kh2 Nd5
53. g4 Kd6 54. h5 gxh5 55. gxh5 Kc7 56. h6 Ne7 57. h7 Ng6 58. Bxf6 Kxb8 59. Kg3
Kc8 60. Kg4 Bd3 61. h8=Q+ Nxh8 62. Bxh8 1/2-1/2

[Event "Tournoi Skype 020A"]
[Site "Skype"]
[Date "????.??.??"]
[Round "6.20"]
[White "Le Brun, Yves"]
[Black "Gharbi, Said"]
[Result "0-1"]
[WhiteElo "1516"]
[BlackElo "1653"]
[PlyCount "133"]

1. d4 e5 2. dxe5 Nc6 3. Nf3 Qe7 4. a3 Nxe5 5. e3 d6 6. h3 Nf6 7. Nxe5 Qxe5 8.
Nc3 Be7 9. Bd3 Nh5 10. Qf3 Bd7 11. Bd2 Bg5 12. Qxh5 Qf6 13. Qe2 Bh4 14. g3 Bc6
15. e4 Bg5 16. O-O-O b5 17. Nd5 Bxd2+ 18. Rxd2 Qd8 19. Bxb5 Qd7 20. Bc4 O-O 21.
Nb4 Ba4 22. b3 a5 23. Na2 Bc6 24. a4 Qe7 25. Bd5 Qe5 26. Kb1 Qe8 27. Nc3 Rb8
28. Bxc6 Qxc6 29. Qd3 Rb4 30. f3 Re8 31. Ka2 Re5 32. Ra1 Rc5 33. Kb2 Rcc4 34.
Nd5 Qc5 35. Nxb4 Qe5+ 36. c3 Rxb4 37. Ka2 Rb6 38. f4 Qe6 39. c4 Qxh3 40. Qc3
Ra6 41. Ka3 Qc8 42. b4 axb4+ 43. Qxb4 Rb6 44. Qc3 Qf8 45. a5 d5+ 46. Ka4 Qe8+
47. Ka3 Qe7+ 48. Ka2 Rb4 49. Rxd5 c6 50. Re5 Ra4+ 51. Kb2 Qb7+ 52. Kc2 f6 53.
Rxa4 fxe5 54. Qxe5 Qd7 55. a6 c5 56. Ra5 h6 57. a7 Kh7 58. a8=Q Qh3 59. Qc3
Qg2+ 60. Kb3 Qxe4 61. Qf8 Qd4 62. Qxd4 cxd4 63. Ra7 Kg6 64. Qxg7+ Kf5 65. Ra5+
Ke4 66. Qg6+ Ke3 67. Re5+ 0-1

[Event "Tournoi Skype 020A"]
[Site "Skype"]
[Date "????.??.??"]
[Round "6.22"]
[White "Bendre, Pankaj"]
[Black "Perez Fermin, Jose"]
[Result "0-1"]
[WhiteElo "1545"]
[BlackElo "1626"]
[PlyCount "68"]

1. e4 c5 2. Nf3 Nc6 3. d4 cxd4 4. Nxd4 Nf6 5. Nc3 e6 6. Be3 a6 7. Bd3 Bb4 8. f4
d5 9. e5 Nd7 10. a3 Be7 11. Qh5 Nc5 12. O-O Nxd3 13. cxd3 g6 14. Qf3 f6 15.
Nxc6 bxc6 16. d4 O-O 17. Qg4 f5 18. Qh3 a5 19. Na4 Ba6 20. Rfe1 Bb5 21. Nc3 Bc4
22. Na4 Rb8 23. Bf2 Rb5 24. Re3 Qb8 25. Rb1 Bb3 26. Nc5 Bxc5 27. dxc5 a4 28.
Rg3 Bc2 29. Rc1 Rxb2 30. Bd4 Rb1 31. Rxb1 Qxb1+ 32. Kf2 Be4 33. Qh4 Qc2+ 34.
Kg1 Qd1+ 0-1

[Event "Tournoi Skype 020A"]
[Site "Skype"]
[Date "????.??.??"]
[Round "6.23"]
[White "Hague, Mark"]
[Black "Perrone, Gabriel Lorenzo"]
[Result "1-0"]
[WhiteElo "1502"]
[BlackElo "1453"]
[PlyCount "89"]

1. d4 Nf6 2. c4 e6 3. Nc3 Be7 4. Bf4 a6 5. Nf3 O-O 6. e3 d5 7. cxd5 exd5 8. Ne5
Nbd7 9. Bd3 c6 10. Qc2 Re8 11. h3 Bd6 12. O-O Nxe5 13. dxe5 Bxe5 14. Bg5 h6 15.
Bh4 Qc7 16. f4 Bd6 17. Qf2 c5 18. Bxf6 gxf6 19. Nxd5 Qd8 20. Bc4 b5 21. Bb3 c4
22. Bc2 Bb7 23. Nc3 Qc7 24. Qg3+ Kf8 25. Rad1 Bc5 26. Rde1 Qb6 27. Nd1 Rad8 28.
Bh7 Be4 29. Bxe4 Rxe4 30. Rf3 Bb4 31. Ref1 Bc5 32. Re1 a5 33. Nf2 Re6 34. f5
Re5 35. Ng4 Red5 36. Re2 Rd1+ 37. Rf1 Rxf1+ 38. Kxf1 Rd1+ 39. Kf2 Rd5 40. Nxh6
Re5 41. Qg8+ Ke7 42. Qxf7+ Kd6 43. Qxf6+ Kd5 44. Rd2+ Ke4 45. Qh4# 1-0

[Event "Tournoi Skype 020A"]
[Site "Skype"]
[Date "????.??.??"]
[Round "6.24"]
[White "L'Herbon De Lussats, Jean"]
[Black "Yardimci, Ertan"]
[Result "1-0"]
[WhiteElo "1481"]
[BlackElo "1495"]
[PlyCount "101"]

1. e4 e5 2. d4 exd4 3. Qxd4 Nc6 4. Qe3 d6 5. Bd3 Nf6 6. Ne2 Be7 7. O-O O-O 8.
c4 Nb4 9. Ng3 Nxd3 10. Qxd3 Be6 11. b3 c6 12. Bb2 d5 13. Nc3 dxe4 14. Qxd8
Raxd8 15. Ncxe4 Nxe4 16. Nxe4 Rfe8 17. Rac1 Bf5 18. Ng3 Bg6 19. Rfe1 Bb4 20.
Re2 Rxe2 21. Nxe2 Rd2 22. Bc3 Bxc3 23. Nxc3 Kf8 24. Kf1 Rc2 25. Rxc2 Bxc2 26.
Ke1 Ke7 27. Kd2 Bf5 28. Ne2 g5 29. Nd4 Bg6 30. b4 a6 31. a4 Kd6 32. Ke3 h6 33.
f4 f6 34. g3 h5 35. a5 Bh7 36. b5 cxb5 37. cxb5 Kd5 38. bxa6 bxa6 39. h3 Kd6
40. fxg5 fxg5 41. h4 gxh4 42. gxh4 Kd5 43. Nf3 Bf5 44. Kf4 Bg4 45. Ne5 Be2 46.
Nd7 Ke6 47. Nc5+ Kd5 48. Ne4 Ke6 49. Kg5 Ke5 50. Ng3 Kd5 51. Nxe2 1-0

[Event "Tournoi Skype 020A"]
[Site "Skype"]
[Date "????.??.??"]
[Round "6.25"]
[White "Aranzubia, Desiderio"]
[Black "Meaney, Mike"]
[Result "1/2-1/2"]
[WhiteElo "1565"]
[BlackElo "1491"]
[PlyCount "47"]

1. d4 d5 2. c4 e6 3. Nc3 Nf6 4. Bg5 Nbd7 5. cxd5 exd5 6. Nxd5 Bd6 7. Nxf6+ Nxf6
8. e4 Bb4+ 9. Bd2 Qxd4 10. Qa4+ Bd7 11. Qxb4 Qxb4 12. Bxb4 Nxe4 13. g3 c5 14.
Ba3 O-O 15. Bg2 Ng5 16. Bxb7 Rae8+ 17. Ne2 Bb5 18. Bxc5 Rxe2+ 19. Kd1 Rd8+ 20.
Kc1 Rdd2 21. Ba3 Rc2+ 22. Kd1 Rcd2+ 23. Kc1 Rc2+ 24. Kd1 1/2-1/2

[Event "Tournoi Skype 020A"]
[Site "Skype"]
[Date "????.??.??"]
[Round "7.2"]
[White "Siret, Bernard"]
[Black "Ibarra Cantu, Raul Alberto"]
[Result "1-0"]
[WhiteElo "1714"]
[BlackElo "2015"]
[PlyCount "79"]

1. d4 Nf6 2. g4 d6 3. g5 Nfd7 4. Bg2 e6 5. Nf3 Be7 6. h4 c5 7. Nc3 Na6 8. e4
cxd4 9. Qxd4 O-O 10. h5 Qb6 11. h6 Qxd4 12. Nxd4 Ne5 13. hxg7 Kxg7 14. f4 Nc6
15. Be3 Nab4 16. O-O-O Nxd4 17. Rxd4 Nc6 18. Rdd1 b6 19. Rh6 Bb7 20. Rdh1 Rh8
21. f5 f6 22. gxf6+ Bxf6 23. Rg1 Bxc3 24. e5 Kf7 25. Rf6+ Ke7 26. Rxe6+ Kd7 27.
Bxc6+ Kxc6 28. Rxd6+ Kb5 29. bxc3 Rac8 30. Bd4 h5 31. e6 Rh6 32. Bg7 Rh7 33. f6
h4 34. Rg5+ Ka6 35. f7 h3 36. e7 h2 37. e8=Q h1=Q+ 38. Rd1 Qxd1+ 39. Kxd1 Bf3+
40. Kc1 1-0

[Event "Tournoi Skype 020A"]
[Site "Skype"]
[Date "????.??.??"]
[Round "7.3"]
[White "Deville, Olivier"]
[Black "Rico Hernandez, Edgar"]
[Result "1-0"]
[WhiteElo "2010"]
[BlackElo "1884"]
[PlyCount "47"]

1. c4 e5 2. g3 Nf6 3. Bg2 d5 4. cxd5 Nxd5 5. Nc3 Nb6 6. Nf3 Nc6 7. O-O Be7 8.
e3 O-O 9. Qe2 Be6 10. b3 a6 11. Bb2 Bf5 12. e4 Bg4 13. h3 Nd4 14. Qd1 Bxf3 15.
Bxf3 Nxf3+ 16. Qxf3 Qxd2 17. Rab1 c6 18. Rfd1 Qh6 19. Kg2 Rad8 20. Rxd8 Rxd8
21. Rd1 Rd2 22. Bc1 Bg5 23. Bxd2 Bxd2 24. Qd3 1-0

[Event "Tournoi Skype 020A"]
[Site "Skype"]
[Date "????.??.??"]
[Round "7.4"]
[White "Benson, Paul"]
[Black "Montenegro, Juan Carlos"]
[Result "1-0"]
[WhiteElo "2059"]
[BlackElo "1737"]
[PlyCount "69"]

1. e4 e6 2. d4 d5 3. e5 c5 4. c3 Nc6 5. Nf3 Qb6 6. Bd3 cxd4 7. cxd4 Bb4+ 8. Nc3
Nge7 9. O-O a6 10. Ne2 Nf5 11. g4 Nh6 12. h3 Bd7 13. a3 Be7 14. b4 Na7 15. Nc3
Rc8 16. Bd2 f5 17. exf6 Bxf6 18. g5 Bxd4 19. Na4 Bxa4 20. Qxa4+ Ke7 21. gxh6
Bxa1 22. Rxa1 gxh6 23. Be3 Qc6 24. Bc5+ Ke8 25. Qd1 Rg8+ 26. Kf1 b6 27. Ne5 Qb7
28. Qh5+ Kd8 29. Nf7+ Kd7 30. Nd6 Qa8 31. Qf7+ Kc6 32. Qxe6 bxc5 33. Nxc8+ Kc7
34. Qb6+ Kxc8 35. Bf5# 1-0

[Event "Tournoi Skype 020A"]
[Site "Skype"]
[Date "????.??.??"]
[Round "7.5"]
[White "Thoune, Jim"]
[Black "Hilton, Stephen"]
[Result "1/2-1/2"]
[WhiteElo "1681"]
[BlackElo "1885"]
[PlyCount "75"]

1. d4 Nf6 2. c4 g6 3. Nc3 Bg7 4. e4 d6 5. Bd3 O-O 6. f3 Nc6 7. Be3 e5 8. d5 Ne7
9. Nge2 c5 10. dxc6 Nxc6 11. a3 Ne8 12. Qd2 f5 13. c5 f4 14. Bc4+ Kh8 15. Bf2
Na5 16. Ba2 b6 17. cxd6 Nxd6 18. O-O-O Nab7 19. Kb1 Qe8 20. Nd5 Be6 21. Nec3
Qf7 22. Bh4 Rfe8 23. Rc1 Rac8 24. Rhd1 Na5 25. Qd3 Ndc4 26. Nb5 Bxd5 27. Qxd5
Qxd5 28. Rxd5 Ne3 29. Rd2 Rxc1+ 30. Kxc1 Rc8+ 31. Kb1 Nac4 32. Bxc4 Nxc4 33.
Rc2 a6 34. Na7 Rc7 35. Ka2 h6 36. b3 Rxa7 37. Rxc4 b5 38. Rc2 1/2-1/2

[Event "Tournoi Skype 020A"]
[Site "Skype"]
[Date "????.??.??"]
[Round "7.6"]
[White "Carballo, Jorge"]
[Black "Loayza, Juan Antonio"]
[Result "0-1"]
[WhiteElo "1540"]
[BlackElo "1877"]
[PlyCount "36"]

1. d4 Nf6 2. Nf3 g6 3. c4 d5 4. Nc3 c6 5. cxd5 cxd5 6. Bg5 Bg7 7. e3 O-O 8.
Bxf6 Bxf6 9. Bd3 Nc6 10. a3 e5 11. dxe5 Nxe5 12. Nxe5 Bxe5 13. Qc2 Be6 14. f4
Bg7 15. f5 gxf5 16. Bxf5 Qg5 17. Bxe6 Qxe3+ 18. Qe2 Bxc3+ 0-1

[Event "Tournoi Skype 020A"]
[Site "Skype"]
[Date "????.??.??"]
[Round "7.7"]
[White "Dal, Ibrahim"]
[Black "Mas, Philippe"]
[Result "0-1"]
[WhiteElo "1869"]
[BlackElo "1800"]
[PlyCount "76"]

1. d4 Nf6 2. c4 g6 3. Nc3 d5 4. e3 Bg7 5. Bd3 O-O 6. Nge2 c5 7. cxd5 cxd4 8.
exd4 Nxd5 9. O-O Nc6 10. Be4 e6 11. Nxd5 exd5 12. Bf3 Bf5 13. Be3 Qd7 14. Nc3
Be6 15. Qd2 Rfe8 16. Rad1 Rad8 17. Bg5 Nxd4 18. Bxd8 Nxf3+ 19. gxf3 Rxd8 20.
Ne2 d4 21. b3 d3 22. Nf4 Bh6 23. Qe3 Qc7 24. Nxe6 Bxe3 25. Nxc7 Bf4 26. Nb5 a6
27. Nc3 d2 28. Ne4 f5 29. Nxd2 Bxd2 30. Kg2 Kf7 31. Kg3 f4+ 32. Kh3 Ke7 33. Rg1
Kf6 34. Rg4 Kf5 35. Kh4 h6 36. Rgg1 Rd3 37. Rgf1 Rxf3 38. Rg1 g5+ 0-1

[Event "Tournoi Skype 020A"]
[Site "Skype"]
[Date "????.??.??"]
[Round "7.9"]
[White "Ricieri, Vinicius"]
[Black "Saponara, Jose Maria"]
[Result "1-0"]
[WhiteElo "1818"]
[BlackElo "1649"]
[PlyCount "89"]

1. e4 d5 2. exd5 Qxd5 3. Nc3 Qd6 4. d4 a6 5. Nf3 Nf6 6. Bd3 Nbd7 7. O-O e6 8.
Ne4 Nxe4 9. Bxe4 Nf6 10. Bd3 b5 11. a4 Rb8 12. Qe2 Bd7 13. axb5 axb5 14. Ne5
Qxd4 15. Nxd7 Qxd7 16. Rd1 Bd6 17. Bxb5 c6 18. Ba4 Qc7 19. g3 O-O 20. Qf3 Nd5
21. c4 Ne7 22. Bc2 Be5 23. Qe4 Ng6 24. Ra6 Rb6 25. Rxb6 Qxb6 26. h4 f5 27. Qe2
Bxg3 28. h5 Nf4 29. Bxf4 Bxf4 30. Qxe6+ Kh8 31. Qe7 Qb8 32. Bxf5 Re8 33. Qd7 c5
34. Rd5 Be5 35. Rxc5 Bxb2 36. Rb5 Re1+ 37. Kg2 Qa8+ 38. Qb7 Qd8 39. Qb8 Bf6 40.
c5 Re5 41. Qxd8+ Bxd8 42. Rb8 Rd5 43. c6 g6 44. c7 gxf5 45. Rxd8+ 1-0

[Event "Tournoi Skype 020A"]
[Site "Skype"]
[Date "????.??.??"]
[Round "7.10"]
[White "Khetre, Gaurav"]
[Black "Engstrom, Olle"]
[Result "0-1"]
[WhiteElo "1519"]
[BlackElo "1791"]
[PlyCount "48"]

1. d4 Nf6 2. c4 g6 3. Nc3 d5 4. b3 Bg7 5. Nf3 O-O 6. e3 c6 7. Be2 a6 8. Ne5
Nbd7 9. f4 e6 10. Ba3 Re8 11. O-O Qa5 12. Qc1 Bf8 13. Bxf8 Rxf8 14. Qc2 dxc4
15. bxc4 Kg7 16. Rf2 c5 17. d5 exd5 18. Nxd5 Kg8 19. Rd1 Nxd5 20. cxd5 Nxe5 21.
fxe5 Bd7 22. Bf3 Ba4 23. Qc1 Bxd1 24. Qxd1 Rfe8 0-1

[Event "Tournoi Skype 020A"]
[Site "Skype"]
[Date "????.??.??"]
[Round "7.11"]
[White "Casey, Eamonn"]
[Black "Cossalter, Maurizio"]
[Result "1-0"]
[WhiteElo "1691"]
[BlackElo "1524"]
[PlyCount "41"]

1. d4 d5 2. c4 e6 3. Nf3 Nf6 4. Bg5 Nbd7 5. Nc3 c6 6. e3 Bb4 7. a3 Bxc3+ 8.
bxc3 Qa5 9. Qb3 Ne4 10. Rc1 dxc4 11. Qb4 Qxb4 12. axb4 b5 13. Bf4 O-O 14. Be2
a6 15. O-O Re8 16. Rfd1 a5 17. bxa5 Rxa5 18. Ne5 Nxe5 19. Bxe5 Bb7 20. Bf3 b4
21. Bxe4 1-0

[Event "Tournoi Skype 020A"]
[Site "Skype"]
[Date "????.??.??"]
[Round "7.12"]
[White "Sepulveda, Lyda Marcela"]
[Black "Yeter, Orhan"]
[Result "0-1"]
[WhiteElo "1591"]
[BlackElo "1611"]
[PlyCount "60"]

1. e4 e5 2. Nf3 Nc6 3. Bc4 Nf6 4. d3 Bc5 5. c3 d5 6. exd5 Na5 7. Bb5+ c6 8. Ba4
b5 9. b4 bxa4 10. bxc5 Qxd5 11. Qxa4 Nb7 12. O-O Nxc5 13. c4 Nxa4 14. cxd5 cxd5
15. Nxe5 O-O 16. Nd2 Ba6 17. Ba3 Rfe8 18. Rfe1 Rac8 19. Ndf3 h6 20. Bb4 Nh5 21.
Nd4 Nf4 22. Re3 Nb2 23. Ndc6 Rc7 24. Bd6 Rb7 25. d4 f6 26. g3 Ne2+ 27. Rxe2
Bxe2 28. Re1 Ba6 29. Nf3 Rxe1+ 30. Nxe1 Rb6 0-1

[Event "Tournoi Skype 020A"]
[Site "Skype"]
[Date "????.??.??"]
[Round "7.14"]
[White "Perez Fermin, Jose"]
[Black "Legueltel, Daniel"]
[Result "0-1"]
[WhiteElo "1626"]
[BlackElo "1775"]
[PlyCount "68"]

1. e4 c5 2. Nf3 Nc6 3. d4 cxd4 4. Nxd4 Nf6 5. Nc3 g6 6. f3 d6 7. Be3 Bg7 8. Qd2
O-O 9. Bc4 a6 10. g4 Ne5 11. Bb3 b5 12. O-O-O Qc7 13. h4 Nc4 14. Bxc4 Qxc4 15.
Kb1 Be6 16. Nxe6 Qxe6 17. h5 b4 18. Ne2 a5 19. Nd4 Qc4 20. hxg6 fxg6 21. Qh2
Rac8 22. Qe2 Qxe2 23. Nxe2 Nd7 24. f4 Nf6 25. Bd4 Nxg4 26. Rh4 Bxd4 27. Nxd4
Nf6 28. Ne6 Rfe8 29. e5 dxe5 30. fxe5 Nh5 31. Rg1 Ng7 32. Nxg7 Kxg7 33. Rgh1 h5
34. Rxh5 gxh5 0-1

[Event "Tournoi Skype 020A"]
[Site "Skype"]
[Date "????.??.??"]
[Round "7.16"]
[White "Gharbi, Said"]
[Black "Salazar Ticeran, Antonio"]
[Result "0-1"]
[WhiteElo "1653"]
[BlackElo "1522"]
[PlyCount "62"]

1. e4 c5 2. Nf3 Nc6 3. c3 Nf6 4. e5 Ng4 5. d4 cxd4 6. cxd4 e6 7. Ng5 Nh6 8. Nc3
Bb4 9. Nge4 Qb6 10. Bxh6 gxh6 11. Nf6+ Kd8 12. d5 Bxc3+ 13. bxc3 Nxe5 14. dxe6
Qxe6 15. Ne4 b6 16. Be2 Bb7 17. f3 f5 18. Nf2 Rg8 19. O-O Rc8 20. Qc2 Nxf3+ 21.
Kh1 Nh4 22. Bf3 Nxf3 23. Nh3 Nh4 24. Rf2 Qe3 25. Nf4 Rxc3 26. Qb2 Rc4 27. Qf6+
Qe7 28. Qxe7+ Kxe7 29. Re1+ Re4 30. Rc1 Rg4 31. g3 Re1# 0-1

[Event "Tournoi Skype 020A"]
[Site "Skype"]
[Date "????.??.??"]
[Round "7.18"]
[White "L'Herbon De Lussats, Jean"]
[Black "Murgia, Stefano"]
[Result "0-1"]
[WhiteElo "1481"]
[BlackElo "1681"]
[PlyCount "64"]

1. e4 e5 2. c4 Nc6 3. Nf3 Bc5 4. d3 d6 5. Be2 Nge7 6. O-O O-O 7. Nc3 f5 8. Nd5
f4 9. a3 a5 10. Rb1 Nd4 11. b4 axb4 12. axb4 Nxf3+ 13. Bxf3 Bd4 14. Bb2 Nc6 15.
b5 Bxb2 16. Rxb2 Nd4 17. h3 Kh8 18. b6 c6 19. Nc7 Ra3 20. Bg4 f3 21. gxf3 Qg5
22. Kg2 h5 23. Qd2 Qg6 24. Kh2 hxg4 25. Qe3 Rxf3 26. Qe2 Nxe2 27. Rxe2 Raxd3
28. Rg1 Qh5 29. Rg3 gxh3 30. Nd5 cxd5 31. cxd5 Rxg3 32. fxg3 Qxe2+ 0-1

[Event "Tournoi Skype 020A"]
[Site "Skype"]
[Date "????.??.??"]
[Round "7.19"]
[White "Sahrane, Juba"]
[Black "Duthoit, Bernard"]
[Result "1-0"]
[WhiteElo "1675"]
[BlackElo "1539"]
[PlyCount "103"]

1. e4 e6 2. d4 d5 3. exd5 exd5 4. Nf3 Nf6 5. Bc4 dxc4 6. O-O Nc6 7. Nc3 Bb4 8.
Re1+ Be7 9. Qe2 Nxd4 10. Nxd4 O-O 11. Qxe7 Re8 12. Qxd8 Rxd8 13. Bg5 Rxd4 14.
Re7 Bd7 15. Rae1 Rd8 16. Bxf6 gxf6 17. Ne4 Kf8 18. Nxf6 Be6 19. Rxc7 Rd1 20.
Kf1 Rxe1+ 21. Kxe1 Kg7 22. Ne4 Re8 23. Nc5 Bd5+ 24. Kf1 b6 25. Na4 b5 26. Nc3
Rd8 27. Nxb5 a5 28. Ra7 c3 29. Nxc3 Bc4+ 30. Ke1 Re8+ 31. Kd2 Rd8+ 32. Kc1 Re8
33. Rxa5 Re1+ 34. Kd2 Rh1 35. h3 Rh2 36. Rg5+ Kf6 37. Rg3 Bf1 38. b4 Bxg2 39.
b5 Bb7 40. Ke2 Rh1 41. a4 Ra1 42. Rg8 Ra3 43. Kd2 Ra1 44. Rb8 Bf3 45. b6 Rf1
46. a5 Rxf2+ 47. Ke3 Rxc2 48. Kxf3 Rxc3+ 49. Ke4 Ra3 50. b7 Rxa5 51. Ra8 Re5+
52. Kd4 1-0

[Event "Tournoi Skype 020A"]
[Site "Skype"]
[Date "????.??.??"]
[Round "7.20"]
[White "Hague, Mark"]
[Black "Murolo, Antonio"]
[Result "0-1"]
[WhiteElo "1502"]
[BlackElo "1602"]
[PlyCount "82"]

1. d4 Nf6 2. e3 d5 3. Bd3 e6 4. f4 c5 5. c3 Nc6 6. Nf3 Qb6 7. O-O c4 8. Bc2 Bd7
9. Nbd2 Na5 10. Ne5 Bc6 11. Nxc6 bxc6 12. Nf3 Ng4 13. Rb1 Be7 14. h3 Nf6 15.
Ne5 O-O 16. Rf3 Qc7 17. Bd2 Nb7 18. Qe2 Nd6 19. Rbf1 Nfe4 20. Be1 f5 21. Ba4 c5
22. Nc6 cxd4 23. Nxe7+ Qxe7 24. exd4 Rab8 25. b3 a6 26. bxc4 Nxc4 27. Bb3 Na5
28. Bc2 Rb2 29. a4 Qa3 30. Qd1 Qa2 31. R3f2 Nxf2 32. Rxf2 Nc4 33. Qd3 Na3 34.
Qxa6 Rxc2 35. Rxc2 Nxc2 36. Qxe6+ Kh8 37. Qe7 Rg8 38. Qe2 Qb1 39. Kf1 Qxe1+ 40.
Qxe1 Nxe1 41. Kxe1 Ra8 0-1

[Event "Tournoi Skype 020A"]
[Site "Skype"]
[Date "????.??.??"]
[Round "7.21"]
[White "Bendre, Pankaj"]
[Black "Mulrooney, Justin"]
[Result "1-0"]
[WhiteElo "1545"]
[BlackElo "1714"]
[PlyCount "37"]

1. d4 Nf6 2. c4 d5 3. Bf4 g6 4. e3 Bg7 5. Nc3 a6 6. Bd3 dxc4 7. Bxc4 b5 8. Bd3
Bb7 9. Nf3 O-O 10. O-O Nbd7 11. Re1 c5 12. dxc5 Nxc5 13. Nd4 Nxd3 14. Qxd3 Re8
15. Be5 b4 16. Na4 Qd5 17. e4 Qxe5 18. f3 Qxe4 19. fxe4 1-0